Представление документа в формате RUSMARC

ПолеНазваниеЗначение
  Тип записи a
  Библиографический уровень a
001 Контрольный номер RU/CBS_UL/BASE/db638ea38bd642c1b74c26185b8b78e8
005 Дата корректировки 20240619142931.8
100 Данные общей обработки __
a Данные общей обработки 20230914 ||| 0rusy0189 ca
101 Язык документа 0_
a Язык текста rus
102 Страна публикации __
a Страна публикации RU
200 Заглавие и сведения об ответственности 1_
a Заглавие Царь - защитник веры и Отечества
e Сведения, относящиеся к заглавию [из проповеди схиигумена Гавриила Виноградова-Лакербая о российском царе Николае II]
f Первые сведения об ответственности Г. Виноградов-Лакербая
300 Общие примечания __
a Общие примечания 16+
461 Уровень набора _0
1 2000
a Славянка
463 Уровень физической единицы _0
1 2000
a № 4 (июль-авг.)
v С. 22-31 : фото
1 2101
d 2023
1 001RU/CBS_UL/BASE/9a3ca6e01a7148f59954f306ba0beab3
600 Персоналии _1
a Персоналии (Фамилия) Романовы, династия
600 Персоналии _1
a Персоналии (Фамилия) Николай II
606 Тематические рубрики 0_
a Основная рубрика Николай II (император российский; 1868-1918)
610 Ключевые слова 0_
a Ключевые слова императоры
610 Ключевые слова 0_
a Ключевые слова российские императоры
610 Ключевые слова 0_
a Ключевые слова цари
610 Ключевые слова 0_
a Ключевые слова российские цари
610 Ключевые слова 0_
a Ключевые слова монахи
610 Ключевые слова 0_
a Ключевые слова проповеди духовных лиц
686 Индексы других классификаций __
2 Код системы rubbk
a Классификационный индекс 63.3(2)5
700 Автор _1
a Фамилия Виноградов-Лакербая
b Имя (инициалы) Г.
801 Источник записи _0
a Страна RU
b Организация МБУК ЦБС г. Ульяновска
c Дата составления 20230914
g Правила каталогизации RCR
801 Источник записи _1
a Страна RU
b Организация МБУК ЦБС г. Ульяновска
c Дата составления 20230914
g Правила каталогизации RCR
901 Тип документа __
t Тип документа b
w Контрольный № источника RU/CBS_UL/BASE/9a3ca6e01a7148f59954f306ba0beab3